[Event "Helsinki EtVaS"]
[Site "Helsinki"]
[Date "2023.09.10"]
[Round "4"]
[White "Kiik, Kalle"]
[Black "Salonen, Aku"]
[Result "1/2-1/2"]
[WhiteElo "2338"]
[BlackElo "2133"]
[PlyCount "112"]
[EventDate "2023.09.08"]
[EventType "tourn"]
[EventRounds "5"]
[EventCountry "FIN"]
[EventCategory "3"]
[SourceTitle "EXT 2024"]
[Source "ChessBase"]
[SourceDate "2023.10.10"]
[SourceVersion "1"]
[SourceVersionDate "2023.10.10"]
[SourceQuality "1"]

1. c4 c5 2. Nf3 Nc6 3. Nc3 g6 4. e3 Nf6 5. d4 cxd4 6. exd4 d5 7. Bg5 Be6 8. Bxf6 exf6 9. c5 a6 10. h3 Bg7 11. Bd3 0-0 12. Bc2 f5 13. Qd2 b6 14. Na4 bxc5 15. dxc5 Rb8 16. 0-0 d4 17. Bd3 Bd5 18. Ne1 Ne5 19. Nb6 Rxb6 20. cxb6 Qxb6 21. f4 Nc4 22. Bxc4 Bxc4 23. Nd3 Re8 24. Rfe1 Re4 25. Rac1 Be6 26. b3 Bf6 27. Kh2 Be7 28. b4 Qd6 29. g3 Bd5 30. Nc5 Rxe1 31. Rxe1 Bf6 32. a3 Bc4 33. Rd1 h5 34. h4 Kg7 35. Qc2 Qd5 36. Qg2 Qd6 37. Rd2 Bd5 38. Qe2 a5 39. Nd3 axb4 40. axb4 Bc4 41. Qe1 Qb6 42. Rd1 Qd6 43. Ne5 Bb5 44. Qd2 d3 45. Qc3 Qd5 46. Rd2 Qb7 47. Qc5 Be7 48. Qc3 Bf6 49. Qd4 Kg8 50. Ra2 Qe4 51. Qc5 Bxe5 52. Qxe5 Bc6 53. Qa1 Qxb4 54. Qc1 Qe4 55. Qd1 Kh7 56. Qf1 Bb7 1/2-1/2

[Event "EST-ch"]
[Site "Tallinn"]
[Date "2022.12.15"]
[Round "6"]
[White "Kiik, Kalle"]
[Black "Kulaots, Kaido"]
[Result "0-1"]
[WhiteElo "2369"]
[BlackElo "2513"]
[PlyCount "52"]
[EventDate "2022.12.10"]
[EventType "tourn"]
[EventRounds "9"]
[EventCountry "EST"]
[EventCategory "3"]
[SourceTitle "CBM 211 Extra"]
[Source "ChessBase"]
[SourceDate "2023.01.31"]
[SourceVersion "1"]
[SourceVersionDate "2023.01.31"]
[SourceQuality "1"]

1. d4 Nf6 2. Nc3 d5 3. Bf4 c5 4. e4 Nxe4 5. Nxe4 dxe4 6. dxc5 Qa5+ 7. c3 Qxc5 8. Qa4+ Nc6 9. Qxe4 g6 10. Rd1 Bg7 11. Be3 Qa5 12. Bc4 Bf5 13. Qd5 0-0 14. Qxa5 Nxa5 15. Bd5 e6 16. Bf3 Nc4 17. Bc1 Bc2 18. Rd7 Ne5 19. Rd2 Nd3+ 20. Kf1 Bb1 21. Ne2 Rfd8 22. g3 Nxc1 23. Rxd8+ Rxd8 24. Nxc1 Rd2 25. Kg2 Rxb2 26. Rd1 Bxc3 0-1

[Event "EST-ch"]
[Site "Tallinn"]
[Date "2022.12.10"]
[Round "1"]
[White "Kiik, Kalle"]
[Black "Kanep, Meelis"]
[Result "1/2-1/2"]
[WhiteElo "2369"]
[BlackElo "2412"]
[PlyCount "28"]
[EventDate "2022.12.10"]
[EventType "tourn"]
[EventRounds "9"]
[EventCountry "EST"]
[EventCategory "3"]
[SourceTitle "CBM 211 Extra"]
[Source "ChessBase"]
[SourceDate "2023.01.31"]
[SourceVersion "1"]
[SourceVersionDate "2023.01.31"]
[SourceQuality "1"]

1. e4 c5 2. Nf3 d6 3. Bb5+ Bd7 4. Bxd7+ Nxd7 5. 0-0 Ngf6 6. d3 g6 7. c4 Bg7 8. Nc3 0-0 9. h3 a6 10. Be3 Rc8 11. Qd2 Re8 12. Rab1 e6 13. Bg5 Qc7 14. Rfe1 Ne5 1/2-1/2

[Event "Olympiad-44"]
[Site "Chennai"]
[Date "2022.08.01"]
[Round "4.1"]
[White "Kiik, Kalle"]
[Black "Yang, Ching Wei Austin"]
[Result "1-0"]
[WhiteElo "2365"]
[BlackElo "2172"]
[PlyCount "59"]
[EventDate "2022.07.29"]
[EventType "team-swiss"]
[EventRounds "11"]
[EventCountry "IND"]
[SourceTitle "CBM 210"]
[Source "ChessBase"]
[SourceDate "2022.10.31"]
[SourceVersion "1"]
[SourceVersionDate "2022.10.31"]
[SourceQuality "1"]
[WhiteTeam "Estonia"]
[BlackTeam "Chinese Taipei"]
[WhiteTeamCountry "EST"]
[BlackTeamCountry "TPE"]

1. c4 c6 2. Nf3 Nf6 3. b3 d5 4. e3 Bf5 5. Nh4 Bg4 6. Be2 Bxe2 7. Qxe2 e6 8. 0-0 Nbd7 9. Bb2 Bd6 10. d3 0-0 11. Nd2 Be5 12. d4 Bc7 13. g3 e5 14. Rad1 exd4 15. Bxd4 Be5 16. Ndf3 Bxd4 17. Rxd4 Qc7 18. cxd5 Nxd5 19. Rc1 N5f6 20. Rcd1 Ne5 21. Nf5 Nd5 22. Ng5 g6 23. Nh6+ Kg7 24. Nhxf7 Qe7 25. Nxe5 Qxe5 26. f4 Qxe3+ 27. Qxe3 Nxe3 28. Rd7+ Kf6 29. Re1 Nc2 30. Re5 1-0

[Event "Viljandi Raud Memorial 56th"]
[Site "Viljandi"]
[Date "2022.07.09"]
[Round "8"]
[White "Sakalauskas, Vaidas"]
[Black "Kiik, Kalle"]
[Result "1-0"]
[WhiteElo "2327"]
[BlackElo "2365"]
[PlyCount "77"]
[EventDate "2022.07.03"]
[EventType "swiss"]
[EventRounds "9"]
[EventCountry "EST"]
[SourceTitle "CBM 209 Extra"]
[Source "ChessBase"]
[SourceDate "2022.09.30"]
[SourceVersion "1"]
[SourceVersionDate "2022.09.30"]
[SourceQuality "1"]

1. d4 d6 2. c4 e5 3. d5 f5 4. e4 Nf6 5. exf5 Bxf5 6. Nc3 Be7 7. Nge2 0-0 8. Ng3 Bg6 9. Bd3 Bxd3 10. Qxd3 Nbd7 11. 0-0 Nc5 12. Qe2 Qd7 13. Be3 Na4 14. Nce4 Nxe4 15. Nxe4 Qf5 16. f3 Nb6 17. Rac1 h6 18. Rfd1 Qf7 19. Qd3 Rfd8 20. Qb3 c5 21. Qa3 Nd7 22. b4 cxb4 23. Qxb4 b6 24. a4 Rab8 25. a5 Qg6 26. axb6 axb6 27. Rb1 Rf8 28. Kh1 Kh7 29. Qa4 Nf6 30. Nxf6+ Rxf6 31. Rxb6 Rxb6 32. Bxb6 e4 33. Qc2 exf3 34. Qxg6+ Kxg6 35. gxf3 Rxf3 36. c5 dxc5 37. d6 Bf6 38. d7 c4 39. Rd6 1-0

[Event "FIN-chT 2022"]
[Site "Finland"]
[Date "2022.04.09"]
[Round "4.1"]
[White "Karttunen, Mika"]
[Black "Kiik, Kalle"]
[Result "1/2-1/2"]
[WhiteElo "2488"]
[BlackElo "2380"]
[PlyCount "101"]
[EventDate "2020.09.12"]
[EventType "team-tourn"]
[EventRounds "11"]
[EventCountry "FIN"]
[SourceTitle "EXT 2023"]
[Source "ChessBase"]
[SourceDate "2022.10.05"]
[SourceVersion "1"]
[SourceVersionDate "2022.10.05"]
[SourceQuality "1"]
[WhiteTeam "Tampere Tammer"]
[BlackTeam "Salo SalSK"]
[WhiteTeamCountry "FIN"]
[BlackTeamCountry "FIN"]

1. e4 d6 2. d4 Nf6 3. f3 c5 4. dxc5 Qa5+ 5. Nc3 Qxc5 6. Nge2 e5 7. Bg5 Be6 8. Qd2 Nbd7 9. Nc1 a6 10. Nb3 Qc7 11. 0-0-0 Be7 12. g4 0-0 13. h4 Rfc8 14. Rh2 b5 15. Kb1 b4 16. Nd5 Bxd5 17. exd5 Rcb8 18. h5 a5 19. Bxf6 Nxf6 20. g5 Ne8 21. g6 a4 22. gxf7+ Kxf7 23. Nc1 Bf6 24. Bd3 e4 25. Bxe4 Qc3 26. Nd3 Qxd2 27. Rdxd2 Kg8 28. Nf2 a3 29. b3 Nc7 30. Bd3 Kh8 31. Bc4 Be5 32. Rh3 Rf8 33. Ne4 Rf4 34. Rd3 h6 35. c3 bxc3 36. Kc2 Ne8 37. Nxc3 Nf6 38. Ne2 Rf5 39. f4 Bb2 40. b4 Rb8 41. b5 Nxh5 42. Rhf3 Rf7 43. Kb3 Nf6 44. Nd4 Nd7 45. Ne6 Nb6 46. Kb4 Rfb7 47. Bb3 Nd7 48. Bc4 Nb6 49. Bb3 Nd7 50. Bc4 Nb6 51. Bb3 1/2-1/2

[Event "FIN-chT 2022"]
[Site "Finland"]
[Date "2021.12.11"]
[Round "6.2"]
[White "Kiik, Kalle"]
[Black "Nyysti, Sampsa"]
[Result "1-0"]
[WhiteElo "2380"]
[BlackElo "2366"]
[PlyCount "93"]
[EventDate "2020.09.12"]
[EventType "team-tourn"]
[EventRounds "11"]
[EventCountry "FIN"]
[SourceTitle "EXT 2023"]
[Source "ChessBase"]
[SourceDate "2022.10.05"]
[SourceVersion "1"]
[SourceVersionDate "2022.10.05"]
[SourceQuality "1"]
[WhiteTeam "Salo SalSK"]
[BlackTeam "Helsinki Ninja"]
[WhiteTeamCountry "FIN"]
[BlackTeamCountry "FIN"]

1. c4 e5 2. e3 Nf6 3. d4 Bb4+ 4. Nc3 Bxc3+ 5. bxc3 d6 6. Bd3 0-0 7. Ne2 Nc6 8. e4 h6 9. 0-0 Re8 10. f3 b6 11. Be3 Na5 12. Ng3 c6 13. Qe2 Bd7 14. Rad1 Rc8 15. h3 Nh7 16. f4 Qh4 17. Qf3 f6 18. Ne2 exf4 19. Bf2 Qg5 20. Nxf4 f5 21. exf5 Bxf5 22. Bh4 Qxh4 23. Bxf5 Rb8 24. Be6+ Rxe6 25. Nxe6 Nf6 26. Rde1 Re8 27. Qf4 Qxf4 28. Nxf4 Nxc4 29. Rxe8+ Nxe8 30. Re1 Nc7 31. Re7 Nb5 32. h4 a5 33. Ne6 Nxc3 34. Rxg7+ Kh8 35. Rc7 c5 36. g4 Nb5 37. Rc8+ Kh7 38. a4 Nc3 39. dxc5 bxc5 40. Nxc5 Ne5 41. Nd3 Nxa4 42. Nxe5 dxe5 43. Ra8 Nb2 44. Rxa5 Nc4 45. Ra7+ Kg8 46. Kf2 h5 47. gxh5 1-0

[Event "Viljandi Raud Memorial 55th"]
[Site "Viljandi"]
[Date "2021.07.06"]
[Round "4"]
[White "Rychagov, Nikita"]
[Black "Kiik, Kalle"]
[Result "0-1"]
[WhiteElo "1905"]
[BlackElo "2382"]
[PlyCount "120"]
[EventDate "2021.07.04"]
[EventType "swiss"]
[EventRounds "9"]
[EventCountry "EST"]
[SourceTitle "CBM 203 Extra"]
[Source "ChessBase"]
[SourceDate "2021.09.30"]
[SourceVersion "1"]
[SourceVersionDate "2021.09.30"]
[SourceQuality "1"]

1. e4 g6 2. d4 Bg7 3. Nc3 c6 4. f4 d5 5. e5 Nh6 6. Nf3 0-0 7. Bd3 f6 8. 0-0 Bg4 9. h3 Bxf3 10. Qxf3 fxe5 11. dxe5 Nd7 12. Qe2 Nf5 13. Bxf5 gxf5 14. Be3 e6 15. Qf2 Qe7 16. Ne2 c5 17. c3 Rac8 18. b3 Rf7 19. Kh1 Nf8 20. Ng1 Ng6 21. Nf3 Bh6 22. g3 b6 23. Kh2 Kh8 24. Rh1 Qd7 25. Rad1 Qc6 26. h4 Ne7 27. c4 Rff8 28. Rd3 Rcd8 29. Rhd1 Rd7 30. b4 d4 31. Bc1 Ng8 32. bxc5 bxc5 33. Nd2 Rc8 34. Nb3 Bf8 35. Qf3 Nh6 36. Qxc6 Ng4+ 37. Kg2 Rxc6 38. R1d2 Ra6 39. Kf3 Kg8 40. Rc2 Rb7 41. Bd2 Ra4 42. Nc1 Kf7 43. Rb3 Rb6 44. Ke2 Be7 45. Kf3 h5 46. Ke2 Ke8 47. Kf3 Kd7 48. Ke2 Kc6 49. Kf3 Bd8 50. Ke2 Bc7 51. Kf3 Rba6 52. Rb5 Rxc4 53. Rcb2 Bb6 54. Ke2 Rca4 55. Rb1 Ra3 56. Be1 c4 57. R5b4 R6a4 58. Rb5 d3+ 59. Kf1 Ne3+ 60. Kg1 Nd5+ 0-1

[Event "Viljandi Valgmae Memorial"]
[Site "Viljandi"]
[Date "2021.07.03"]
[Round "4"]
[White "Pultinevicius, Paulius"]
[Black "Kiik, Kalle"]
[Result "1-0"]
[WhiteElo "2492"]
[BlackElo "2382"]
[PlyCount "55"]
[EventDate "2021.07.03"]
[EventType "swiss"]
[EventRounds "9"]
[EventCountry "EST"]
[SourceTitle "CBM 203 Extra"]
[Source "ChessBase"]
[SourceDate "2021.09.30"]
[SourceVersion "1"]
[SourceVersionDate "2021.09.30"]
[SourceQuality "1"]

1. d4 d5 2. c4 e6 3. Nf3 c5 4. cxd5 exd5 5. g3 Nc6 6. Bg2 Nf6 7. 0-0 Be7 8. dxc5 Bxc5 9. Nc3 0-0 10. Bg5 d4 11. Ne4 Be7 12. Bxf6 Bxf6 13. Rc1 Re8 14. Ne1 Be7 15. Nd3 Bf8 16. Qd2 Rb8 17. Nec5 Qf6 18. b4 Ne5 19. Nf4 b6 20. Ne4 Qd8 21. Rfd1 Bb7 22. Qb2 Qe7 23. Rxd4 Nc6 24. Nd5 Qe5 25. Rd2 Qxb2 26. Rxb2 Rbd8 27. Nef6+ gxf6 28. Nxf6+ 1-0

[Event "EST-ch"]
[Site "Tallinn"]
[Date "2020.08.14"]
[Round "7"]
[White "Kiik, Kalle"]
[Black "Shishkov, Andrei"]
[Result "1-0"]
[WhiteElo "2372"]
[BlackElo "2399"]
[PlyCount "113"]
[EventDate "2020.08.08"]
[EventType "tourn"]
[EventRounds "9"]
[EventCountry "EST"]
[EventCategory "7"]
[SourceTitle "CBM 197 Extra"]
[Source "ChessBase"]
[SourceDate "2020.09.30"]
[SourceVersion "1"]
[SourceVersionDate "2020.09.30"]
[SourceQuality "1"]

1. e4 c6 2. d4 d5 3. e5 c5 4. dxc5 e6 5. Nf3 Bxc5 6. Bd3 Nc6 7. a3 Nge7 8. b4 Bb6 9. 0-0 Ng6 10. Bb2 0-0 11. Re1 f6 12. exf6 gxf6 13. c4 dxc4 14. Bxc4 Qxd1 15. Rxd1 Nce5 16. Bb3 Nxf3+ 17. gxf3 Kf7 18. Nc3 Ke7 19. a4 Ne5 20. b5 Nxf3+ 21. Kf1 Rd8 22. Rxd8 Kxd8 23. Rd1+ Kc7 24. Ba2 Nxh2+ 25. Ke2 Ng4 26. f3 Ne3 27. Rc1 Kd8 28. Rg1 Nf5 29. Rg8+ Kc7 30. Ne4 Bd4 31. Ba3 Rb8 32. Rh8 Bd7 33. Rxh7 Re8 34. Kd3 b6 35. Rf7 Be5 36. Nxf6 Bxf6 37. Rxf6 Kc8 38. Ke4 Kc7 39. f4 Ng3+ 40. Ke5 Ne2 41. Bd6+ Kc8 42. Bb4 Ng3 43. Rf8 Rxf8 44. Bxf8 Ne2 45. Bh6 Nc3 46. Bb3 Kc7 47. Bf8 Kb7 48. Bxe6 Be8 49. Bb3 a6 50. Bb4 axb5 51. Bxc3 bxa4 52. Bd5+ Kc7 53. Bb4 Bh5 54. f5 Kd7 55. Bc4 Bd1 56. f6 Bb3 57. f7 1-0

[Event "EST-ch"]
[Site "Tallinn"]
[Date "2020.08.13"]
[Round "6"]
[White "Haitin, Ilja"]
[Black "Kiik, Kalle"]
[Result "0-1"]
[WhiteElo "2356"]
[BlackElo "2372"]
[PlyCount "82"]
[EventDate "2020.08.08"]
[EventType "tourn"]
[EventRounds "9"]
[EventCountry "EST"]
[EventCategory "7"]
[SourceTitle "CBM 197 Extra"]
[Source "ChessBase"]
[SourceDate "2020.09.30"]
[SourceVersion "1"]
[SourceVersionDate "2020.09.30"]
[SourceQuality "1"]

1. d4 c5 2. d5 g6 3. e4 Bg7 4. Nc3 d6 5. f4 a6 6. a4 e6 7. Bc4 Nf6 8. dxe6 Bxe6 9. Bxe6 fxe6 10. e5 dxe5 11. Qxd8+ Kxd8 12. Nf3 Nc6 13. fxe5 Nd7 14. Bg5+ Kc7 15. 0-0-0 h6 16. Be3 Rad8 17. Rhf1 Rhf8 18. Rd6 Ndxe5 19. Rxd8 Nxd8 20. Bxc5 Rf5 21. Ne4 Nxf3 22. gxf3 Be5 23. a5 Bf4+ 24. Kb1 Kc6 25. b4 Nf7 26. h3 Ng5 27. Nxg5 Rxg5 28. Re1 Re5 29. Rg1 g5 30. Rd1 Rd5 31. Re1 e5 32. Kb2 Rd2 33. Kc3 Kd5 34. h4 gxh4 35. Rg1 Ke6 36. Rg4 Rh2 37. Kd3 h3 38. Rh4 Bg5 39. Re4 Rd2+ 40. Kc3 Rd1 41. Re2 Bf4 0-1

[Event "EST-ch"]
[Site "Tallinn"]
[Date "2020.08.12"]
[Round "5"]
[White "Kiik, Kalle"]
[Black "Vorobjov, Pavel"]
[Result "1-0"]
[WhiteElo "2372"]
[BlackElo "2267"]
[PlyCount "63"]
[EventDate "2020.08.08"]
[EventType "tourn"]
[EventRounds "9"]
[EventCountry "EST"]
[EventCategory "7"]
[SourceTitle "CBM 197 Extra"]
[Source "ChessBase"]
[SourceDate "2020.09.30"]
[SourceVersion "1"]
[SourceVersionDate "2020.09.30"]
[SourceQuality "1"]

1. c4 c5 2. Nf3 Nc6 3. b3 Nf6 4. Bb2 e6 5. e3 Be7 6. d4 cxd4 7. exd4 d5 8. Nbd2 0-0 9. Rc1 dxc4 10. bxc4 b6 11. Bd3 Bb7 12. 0-0 Qd6 13. Re1 Rfd8 14. Bb1 Qf4 15. Qe2 Bb4 16. Red1 Qg4 17. h3 Qh5 18. Nf1 Ne7 19. d5 exd5 20. Bxf6 gxf6 21. Qb2 Bd6 22. Qxf6 Ng6 23. Ng5 Rd7 24. cxd5 Bf4 25. Ne4 Bxc1 26. Rxc1 Qh6 27. Ne3 Qf4 28. g3 Qh6 29. Rd1 Qg7 30. Nf5 Qh8 31. Qg5 Kf8 32. Nf6 1-0

[Event "EST-ch"]
[Site "Tallinn"]
[Date "2020.08.10"]
[Round "3"]
[White "Kiik, Kalle"]
[Black "Kulaots, Kaido"]
[Result "0-1"]
[WhiteElo "2372"]
[BlackElo "2529"]
[PlyCount "64"]
[EventDate "2020.08.08"]
[EventType "tourn"]
[EventRounds "9"]
[EventCountry "EST"]
[EventCategory "7"]
[SourceTitle "CBM 197 Extra"]
[Source "ChessBase"]
[SourceDate "2020.09.30"]
[SourceVersion "1"]
[SourceVersionDate "2020.09.30"]
[SourceQuality "1"]

1. e4 c5 2. Nf3 Nc6 3. Bb5 e6 4. 0-0 Nge7 5. b3 a6 6. Bxc6 Nxc6 7. Bb2 b5 8. a4 b4 9. d3 d6 10. d4 cxd4 11. Nxd4 Nxd4 12. Qxd4 a5 13. c4 e5 14. Qd3 Be7 15. f4 0-0 16. f5 g6 17. Nd2 gxf5 18. exf5 Bb7 19. c5 f6 20. Nc4 d5 21. c6 Bxc6 22. Nxe5 fxe5 23. Qg3+ Kh8 24. f6 Bc5+ 25. Kh1 Rf7 26. Bxe5 Qd7 27. Qd3 d4 28. Rf5 Rg8 29. Rg1 Qb7 30. Rf2 Be4 31. Qc4 Ba7 32. Bxd4 Rc8 0-1

[Event "Viljandi Raud Memorial 54th"]
[Site "Viljandi"]
[Date "2020.07.12"]
[Round "9"]
[White "Laurusas, Tomas"]
[Black "Kiik, Kalle"]
[Result "1-0"]
[WhiteElo "2511"]
[BlackElo "2386"]
[PlyCount "63"]
[EventDate "2020.07.06"]
[EventType "swiss"]
[EventRounds "9"]
[EventCountry "EST"]
[SourceTitle "CBM 197 Extra"]
[Source "ChessBase"]
[SourceDate "2020.09.30"]
[SourceVersion "1"]
[SourceVersionDate "2020.09.30"]
[SourceQuality "1"]

1. d4 Nf6 2. c4 e6 3. Nf3 Bb4+ 4. Bd2 Qe7 5. g3 b6 6. Bg2 Bb7 7. 0-0 Bxd2 8. Qxd2 d6 9. Nc3 Ne4 10. Qc2 Nxc3 11. Qxc3 Nd7 12. c5 Bxf3 13. Bxf3 d5 14. e4 dxe4 15. Bxe4 Rd8 16. b4 0-0 17. Rad1 Nf6 18. Bc6 h5 19. Qa3 bxc5 20. b5 h4 21. Qxc5 Rd6 22. Qxa7 Rxc6 23. bxc6 Nd5 24. Rb1 Qd8 25. Rb3 hxg3 26. hxg3 f5 27. Rfb1 f4 28. Rb8 Qg5 29. Qa3 Rxb8 30. Rxb8+ Kh7 31. Qd3+ g6 32. Qe4 1-0

[Event "FIN-chT 1920"]
[Site "Finland"]
[Date "2020.02.08"]
[Round "7.2"]
[White "Kiik, Kalle"]
[Black "Sychev, Klementy"]
[Result "0-1"]
[WhiteElo "2389"]
[BlackElo "2579"]
[PlyCount "76"]
[EventDate "2019.09.14"]
[EventType "team-tourn"]
[EventRounds "11"]
[EventCountry "FIN"]
[SourceTitle "CBM 195 Extra"]
[Source "ChessBase"]
[SourceDate "2020.05.31"]
[SourceVersion "1"]
[SourceVersionDate "2020.05.31"]
[SourceQuality "1"]
[WhiteTeam "Salo SalSK"]
[BlackTeam "Espoo MatSK"]
[WhiteTeamCountry "FIN"]
[BlackTeamCountry "FIN"]

1. e4 g6 2. d4 Bg7 3. c4 e6 4. Nc3 Ne7 5. f4 d5 6. e5 0-0 7. Nf3 b6 8. cxd5 Nxd5 9. Bc4 Bb7 10. 0-0 Ne7 11. Be3 Nbc6 12. a3 Nf5 13. Bf2 Nce7 14. Be2 Nd5 15. Qd2 Bh6 16. Nxd5 Qxd5 17. g4 Ne7 18. Rac1 Rac8 19. Bh4 Qd7 20. Bxe7 Qxe7 21. Qe3 Rfd8 22. Rc2 Bf8 23. Rfc1 c5 24. dxc5 Rxc5 25. b4 Rxc2 26. Rxc2 Bd5 27. Kf2 Qb7 28. Nd4 a5 29. Rb2 axb4 30. axb4 Qa8 31. Bf3 Qa1 32. Qc3 Rc8 33. Qd2 Rd8 34. Qc3 Be7 35. Kg2 Ba8 36. Bxa8 Rxa8 37. Qc2 Bxb4 38. f5 Ba3 0-1

[Event "EU-ch rapid"]
[Site "Tallinn"]
[Date "2019.12.06"]
[Round "9"]
[White "Ruck, Robert"]
[Black "Kiik, Kalle"]
[Result "1-0"]
[WhiteElo "2551"]
[BlackElo "2295"]
[PlyCount "73"]
[EventDate "2019.12.05"]
[EventType "swiss"]
[EventRounds "13"]
[EventCountry "EST"]
[SourceTitle "CBM 193 Extra"]
[Source "ChessBase"]
[SourceDate "2020.01.31"]
[SourceVersion "1"]
[SourceVersionDate "2020.01.31"]
[SourceQuality "1"]

1. Nf3 c5 2. c4 e6 3. g3 d5 4. cxd5 exd5 5. d4 Nc6 6. Bg2 Nf6 7. 0-0 Be7 8. Nc3 0-0 9. b3 Ne4 10. Bb2 Bf6 11. Na4 b6 12. Rc1 Re8 13. dxc5 Bxb2 14. Nxb2 bxc5 15. Na4 Ba6 16. Re1 c4 17. bxc4 Bxc4 18. Nd2 Nxd2 19. Qxd2 Ne5 20. Rcd1 Qf6 21. Nc3 Rad8 22. Nxd5 Bxd5 23. Bxd5 Rd7 24. Qc2 h5 25. Bg2 Rde7 26. Qd2 Ng4 27. e3 h4 28. Qe2 Qg6 29. Rd4 f5 30. Red1 hxg3 31. hxg3 Qh5 32. Qf3 Qh2+ 33. Kf1 Qh5 34. Qc6 Rxe3 35. fxe3 Nxe3+ 36. Kg1 Nxd1 37. Qd5+ 1-0

[Event "Raahe op"]
[Site "Raahe"]
[Date "2019.12.03"]
[Round "4"]
[White "Jarvenpaa, Jari"]
[Black "Kiik, Kalle"]
[Result "1/2-1/2"]
[WhiteElo "2242"]
[BlackElo "2390"]
[PlyCount "105"]
[EventDate "2019.11.02"]
[EventType "swiss"]
[EventRounds "5"]
[EventCountry "FIN"]
[SourceTitle "EXT 2021"]
[Source "ChessBase"]
[SourceDate "2020.10.23"]
[SourceVersion "1"]
[SourceVersionDate "2020.10.23"]
[SourceQuality "1"]

1. c4 c5 2. Nf3 e6 3. d4 d5 4. cxd5 exd5 5. g3 Nc6 6. Bg2 c4 7. 0-0 Bb4 8. b3 cxb3 9. Qxb3 Nge7 10. Ba3 Qa5 11. Bxb4 Qxb4 12. Qxb4 Nxb4 13. Nc3 Nbc6 14. e3 0-0 15. Ne1 Be6 16. Nd3 Rac8 17. Rfc1 Rfd8 18. Nf4 g5 19. Nxe6 fxe6 20. Na4 b6 21. Bf1 Nb8 22. Bh3 Kf7 23. f4 gxf4 24. Rf1 Ng6 25. gxf4 Rg8 26. Kh1 Ne7 27. f5 exf5 28. Bxf5 Nxf5 29. Rxf5+ Ke6 30. Rh5 Rc2 31. Rxh7 Nd7 32. Rg1 Rxg1+ 33. Kxg1 Rxa2 34. Nc3 Ra1+ 35. Kg2 Nf6 36. Rb7 Ra3 37. Nb5 Rxe3 38. Nxa7 Rb3 39. Nc8 Nd7 40. Rc7 b5 41. Rc6+ Kf7 42. Rd6 Nf6 43. Nb6 Ke7 44. Nc8+ Kf7 45. Nb6 Rb2+ 46. Kf3 Ke7 47. Nc8+ Kf7 48. Nb6 Rxh2 49. Nxd5 Nxd5 50. Rxd5 b4 51. Rb5 b3 52. Ke4 b2 53. Kd3 1/2-1/2